Normal view
MARC view
- Fénelon, François de Salignac de La Mothe-,
Entry Nombre Personal
001 - NUMERO DE CONTROL
- campo de control: 24276
003 - IDENTIFICADOR DE NUMERO DE CONTROL
- campo de control: DLC
005 - FECHA Y HORA DE LA ÜLTIMA TRANSACCIÓN
- campo de control: 20240703152754.0
008 - DATOS DE LONGITUD FIJA
- campo de control de longitud fija: 000504n| acannaabn |a aaa
010 ## - NÚMERO DE CONTROL DE LA BIBLIOTECA DEL CONGRESO
- Número de control LC: n 00048260
040 ## - FUENTE DE CATALOGACIÓN
- Agencia original de catalogación: DLC
- Lenguaje de catalogación: spa
- Agencia de transcripción: DLC
- Agencia que lo modifica: DLC
- Agencia que lo modifica: MX-MxUPN
100 1# - ENCABEZAMIENTO - NOMBRE PERSONAL
- Nombre personal: Fénelon, François de Salignac de La Mothe-,
- Fechas asociadas con el nombre: 1651-1715
400 1# - VEÁSE - NOMBRE DE PERSONA
- Personal name: Fénelon, François de Salignac de La Mothe-,
- Dates associated with a name: 1651-1715.
- Title of a work: Telemakʻ
400 1# - VEÁSE - NOMBRE DE PERSONA
- Personal name: Fénelon, François de Salignac de La Mothe-,
- Dates associated with a name: 1651-1715.
- Title of a work: Feneloni Arkatskʻ Telemakʻay
670 ## - FUENTE EN LA QUE SE LOCALIZARON DATOS
- Cita de la fuente: Fénelon, François de Salignac de La Mothe-. Telemakʻ, 1860.
670 ## - FUENTE EN LA QUE SE LOCALIZARON DATOS
- Cita de la fuente: Fénelon, François de Salignac de La Mothe-. Feneloni Arkatskʻ Telemakʻay, 1863.
902 ## - CATALOGADOR
- Catalogador: Víctor Ruiz/030724
